[Event "Guillermo Garcia Memorial-A 07th"]
[Site "Santa Clara"]
[Date "1999.06.06"]
[Round "12"]
[White "Sadvakasov, Darmen"]
[Black "Delgado Ramirez, Neuris"]
[Result "0-1"]
[WhiteElo "2487"]
[BlackElo "2417"]
[PlyCount "138"]
[EventDate "1999.05.??"]
[EventType "tourn"]
[EventRounds "13"]
[EventCountry "CUB"]
[EventCategory "8"]
[SourceTitle "CBM 070 Extra"]
[Source "ChessBase"]
[SourceDate "1999.07.10"]
[SourceVersion "1"]
[SourceVersionDate "1999.07.10"]
[SourceQuality "1"]

1. e4 e5 2. Nf3 Nf6 3. d4 Nxe4 4. Bd3 d5 5. Nxe5 Nd7 6. Nxd7 Bxd7 7. O-O Bd6 8.
c4 c6 9. cxd5 cxd5 10. Qh5 O-O 11. Qxd5 Bc6 12. Qh5 g6 13. Qh3 Ng5 14. Qg4 Ne6
15. Bh6 Re8 16. Nc3 Nxd4 17. Rad1 Qf6 18. Be3 Qe5 19. Qh4 Ne6 20. Bc4 Be7 21.
Qh3 Bc5 22. Nd5 Bxe3 23. fxe3 Ng5 24. Qg3 Qxg3 25. hxg3 Re5 26. Rd3 Kg7 27. Nc3
Rae8 28. Re1 R8e7 29. Bd5 Bxd5 30. Rxd5 Rxd5 31. Nxd5 Rd7 32. e4 Nxe4 33. Rxe4
Rxd5 34. Re7 Rb5 35. b3 h5 36. Rc7 g5 37. Kf2 Kg6 38. Ke3 f6 39. Kf3 Kf5 40.
Rh7 Kg6 41. Rc7 Rb4 42. Rd7 a5 43. Kf2 b5 44. Rb7 Kf5 45. Rb6 Kg4 46. Rxf6 Rd4
47. Rf3 Rd2+ 48. Kg1 Rxa2 49. Kh2 Rc2 50. Rd3 Rc5 51. Rd1 Kf5 52. Re1 Re5 53.
g4+ hxg4 54. Ra1 Kf4 55. Rf1+ Ke4 56. Kg3 Kd4 57. Kxg4 Kc3 58. Rf3+ Kb4 59. Kh5
Rc5 60. g4 Rc3 61. Rf5 Rxb3 62. Kxg5 a4 63. Kh4 Rb1 64. Rf4+ Ka5 65. Rf3 b4 66.
Rf5+ Kb6 67. Rf6+ Kb5 68. Rf5+ Kc4 69. Rf4+ Kd3 0-1

[Event "Guillermo Garcia Memorial-A 07th"]
[Site "Santa Clara"]
[Date "1999.06.07"]
[Round "13"]
[White "Delgado Ramirez, Neuris"]
[Black "Rivera, Alberto"]
[Result "1-0"]
[WhiteElo "2417"]
[BlackElo "2392"]
[PlyCount "68"]
[EventDate "1999.05.??"]
[EventType "tourn"]
[EventRounds "13"]
[EventCountry "CUB"]
[EventCategory "8"]
[SourceTitle "CBM 070 Extra"]
[Source "ChessBase"]
[SourceDate "1999.07.10"]
[SourceVersion "1"]
[SourceVersionDate "1999.07.10"]
[SourceQuality "1"]

1. e4 e5 2. Nf3 Nf6 3. Nxe5 d6 4. Nf3 Nxe4 5. d4 d5 6. Bd3 Be7 7. O-O O-O 8.
Re1 Nf6 9. Bg5 Bg4 10. Nbd2 Nbd7 11. c3 Bh5 12. Nf1 Bg6 13. Ng3 Re8 14. Ne5 c6
15. f4 Bxd3 16. Qxd3 g6 17. Re2 Nxe5 18. fxe5 Nd7 19. Bh6 Nf8 20. Rf1 Bh4 21.
Ref2 Re7 22. Rf4 Bxg3 23. Qxg3 Ne6 24. Rh4 c5 25. Bg5 Nxg5 26. Qxg5 Qf8 27. Rf3
Rae8 28. Rhf4 cxd4 29. cxd4 Rc7 30. h4 Re6 31. h5 Rb6 32. Rf6 Qe8 33. hxg6 hxg6
34. Rh3 Qf8 1-0

[Event "CUB-ch U20 sf"]
[Site "Cuba"]
[Date "2000.??.??"]
[Round "1"]
[White "Delgado Ramirez, Neuris"]
[Black "Borges del Pino, Oliver"]
[Result "1-0"]
[WhiteElo "2443"]
[BlackElo "2119"]
[PlyCount "119"]
[EventDate "2000.??.??"]
[EventType "swiss"]
[EventRounds "9"]
[EventCountry "CUB"]
[SourceTitle "EXT 2003"]
[Source "ChessBase"]
[SourceDate "2002.11.25"]
[SourceVersion "1"]
[SourceVersionDate "2002.11.25"]
[SourceQuality "1"]

1. e4 c5 2. Nf3 d6 3. Bc4 Nc6 4. d3 Nf6 5. c3 e6 6. Bb3 Be7 7. O-O b5 8. Re1
Ba6 9. d4 e5 10. d5 Nb8 11. a4 Qa5 12. Nbd2 Nbd7 13. c4 b4 14. h3 O-O-O 15. Nb1
Kb8 16. Nfd2 Rdg8 17. Nf1 Bc8 18. Bc2 g5 19. Ne3 Nf8 20. Nf5 Bxf5 21. exf5 g4
22. Re3 h5 23. h4 Qd8 24. a5 g3 25. fxg3 Ng4 26. Rf3 Bxh4 27. Bd3 Bf6 28. Qa4
Qd7 29. Qxd7 Nxd7 30. Be4 h4 31. Nd2 Bg5 32. Nf1 Ndf6 33. Bxg5 Rxg5 34. Re1
hxg3 35. Nxg3 Nh5 36. Nf1 Ngf6 37. g3 Rhg8 38. Kg2 Rg4 39. Rfe3 Nxe4 40. Rxe4
R4g5 41. R1e3 Rxf5 42. Rf3 Rxf3 43. Kxf3 Kb7 44. Rh4 Nf6 45. Ne3 Ka6 46. Nf5
Ne8 47. Ne7 Rf8 48. Nc6 Kb7 49. g4 a6 50. Rh7 Kc8 51. g5 Nc7 52. Ne7+ Kd8 53.
Nf5 Ne8 54. Nh6 Ke7 55. Ke4 Nf6+ 56. gxf6+ Kxf6 57. Nf5 Rg8 58. Rh6+ Kg5 59.
Rxd6 f6 60. Rd7 1-0

[Event "CUB-ch U20 sf"]
[Site "Cuba"]
[Date "2000.??.??"]
[Round "2"]
[White "Martinez Duany, Lelys Stanley"]
[Black "Delgado Ramirez, Neuris"]
[Result "0-1"]
[WhiteElo "2109"]
[BlackElo "2443"]
[PlyCount "114"]
[EventDate "2000.??.??"]
[EventType "swiss"]
[EventRounds "9"]
[EventCountry "CUB"]
[SourceTitle "EXT 2003"]
[Source "ChessBase"]
[SourceDate "2002.11.25"]
[SourceVersion "1"]
[SourceVersionDate "2002.11.25"]
[SourceQuality "1"]

1. e4 c5 2. Nf3 d6 3. d4 cxd4 4. Nxd4 Nf6 5. Nc3 a6 6. Be2 e5 7. Nb3 Be7 8. O-O
O-O 9. Kh1 Nbd7 10. g4 b5 11. g5 Ne8 12. Rg1 Bb7 13. a4 b4 14. Nd5 a5 15. Be3
Nc7 16. Bc4 Nxd5 17. Bxd5 Bxd5 18. Qxd5 Qc7 19. c3 Nb6 20. Qb5 Nc4 21. cxb4
Rab8 22. Qd5 Rxb4 23. Rgc1 Nxe3 24. Rxc7 Nxd5 25. exd5 Bd8 26. Rc3 Bb6 27. Kg2
f6 28. gxf6 Rxf6 29. f3 h5 30. Rac1 e4 31. Nd2 Rxb2 32. R1c2 Rg6+ 33. Kh3 Rxc2
34. Rxc2 exf3 35. Nxf3 Rg4 36. Rc6 Bc5 37. Rc8+ Kh7 38. Ne5 Rxa4 39. Nd7 Bg1
40. Nf8+ Kh6 41. Rc6 Bc5 42. Ne6 Bb4 43. Rc7 Ra3+ 44. Kg2 Bc3 45. Nd8 Be5 46.
Nf7+ Kg6 47. Nxd6 Ra2+ 48. Kf3 Bxd6 49. Rc6 Rxh2 50. Rxd6+ Kf5 51. Ra6 Rh3+ 52.
Kg2 Ra3 53. Ra7 g5 54. Rf7+ Kg4 55. Ra7 h4 56. d6 h3+ 57. Kf1 Ra1+ 0-1

[Event "CUB-ch U20 sf"]
[Site "Cuba"]
[Date "2000.??.??"]
[Round "3"]
[White "Delgado Ramirez, Neuris"]
[Black "Lopez, Bruci"]
[Result "1/2-1/2"]
[WhiteElo "2443"]
[BlackElo "2290"]
[PlyCount "87"]
[EventDate "2000.??.??"]
[EventType "swiss"]
[EventRounds "9"]
[EventCountry "CUB"]
[SourceTitle "EXT 2003"]
[Source "ChessBase"]
[SourceDate "2002.11.25"]
[SourceVersion "1"]
[SourceVersionDate "2002.11.25"]
[SourceQuality "1"]

1. e4 e5 2. Nf3 Nc6 3. Bb5 d6 4. d4 Bd7 5. O-O Nge7 6. c3 g6 7. Qb3 Bg7 8. d5
Na5 9. Bxd7+ Qxd7 10. Qc2 b6 11. c4 O-O 12. Be3 Nb7 13. Nc3 a5 14. Ne1 f5 15.
f3 f4 16. Bf2 g5 17. b3 Ng6 18. a3 h5 19. Nd3 g4 20. b4 Qe7 21. Kh1 g3 22. hxg3
fxg3 23. Bxg3 Bh6 24. Ne2 Rf7 25. Bh2 Kh8 26. Qb2 Kh7 27. Rae1 Rg8 28. Ng3 Nh4
29. Re2 Rfg7 30. Nf5 Nxf5 31. exf5 Qg5 32. c5 Qxf5 33. Qb1 axb4 34. axb4 bxc5
35. bxc5 Na5 36. Qb5 c6 37. dxc6 Nxc6 38. Qxc6 Qxd3 39. Qe4+ Qxe4 40. Rxe4 dxc5
41. Rxe5 Rxg2 42. Rxh5 R2g5 43. Rh4 Rf5 44. Re4 1/2-1/2

[Event "CUB-ch U20 sf"]
[Site "Cuba"]
[Date "2000.??.??"]
[Round "4"]
[White "Rosabal, Yonisbel"]
[Black "Delgado Ramirez, Neuris"]
[Result "1/2-1/2"]
[WhiteElo "2294"]
[BlackElo "2443"]
[PlyCount "47"]
[EventDate "2000.??.??"]
[EventType "swiss"]
[EventRounds "9"]
[EventCountry "CUB"]
[SourceTitle "EXT 2003"]
[Source "ChessBase"]
[SourceDate "2002.11.25"]
[SourceVersion "1"]
[SourceVersionDate "2002.11.25"]
[SourceQuality "1"]

1. c4 c6 2. d4 d5 3. cxd5 cxd5 4. Nc3 Nf6 5. Nf3 Nc6 6. Bf4 e6 7. e3 Bd6 8.
Bxd6 Qxd6 9. Bd3 O-O 10. O-O Bd7 11. Rc1 Rfc8 12. a3 Ne7 13. Ne5 Qb6 14. Qe2
Rc7 15. Rc2 Rac8 16. Rfc1 Be8 17. b4 a5 18. Na2 axb4 19. Rxc7 Rxc7 20. Rxc7
Qxc7 21. axb4 Ne4 22. Qc2 Qxc2 23. Bxc2 Nd6 24. Nc3 1/2-1/2

[Event "CUB-ch U20 sf"]
[Site "Cuba"]
[Date "2000.??.??"]
[Round "6"]
[White "Fernandez Reyes, Lisandro"]
[Black "Delgado Ramirez, Neuris"]
[Result "1/2-1/2"]
[WhiteElo "2380"]
[BlackElo "2443"]
[PlyCount "49"]
[EventDate "2000.??.??"]
[EventType "swiss"]
[EventRounds "9"]
[EventCountry "CUB"]
[SourceTitle "EXT 2003"]
[Source "ChessBase"]
[SourceDate "2002.11.25"]
[SourceVersion "1"]
[SourceVersionDate "2002.11.25"]
[SourceQuality "1"]

1. e4 c5 2. Ne2 d6 3. c4 e5 4. Nbc3 Nc6 5. d3 Be7 6. Be3 f5 7. exf5 Bxf5 8. Ng3
Be6 9. Be2 Nf6 10. O-O O-O 11. Nge4 Qd7 12. h3 Nd4 13. Bxd4 exd4 14. Nxf6+ Bxf6
15. Nd5 Qf7 16. Bh5 g6 17. Bf3 Be5 18. Be4 g5 19. h4 Qg7 20. Qh5 g4 21. Qg5
Qxg5 22. hxg5 Bxd5 23. Bxd5+ Kg7 24. g3 Kg6 25. Bxb7 1/2-1/2

[Event "CUB-ch U20 sf"]
[Site "Cuba"]
[Date "2000.??.??"]
[Round "7"]
[White "Delgado Ramirez, Neuris"]
[Black "Blanco, Lino Orlando"]
[Result "1/2-1/2"]
[WhiteElo "2443"]
[BlackElo "2258"]
[PlyCount "74"]
[EventDate "2000.??.??"]
[EventType "swiss"]
[EventRounds "9"]
[EventCountry "CUB"]
[SourceTitle "EXT 2003"]
[Source "ChessBase"]
[SourceDate "2002.11.25"]
[SourceVersion "1"]
[SourceVersionDate "2002.11.25"]
[SourceQuality "1"]

1. c4 Nf6 2. Nc3 c5 3. g3 e6 4. Nf3 b6 5. Bg2 Bb7 6. O-O Be7 7. d4 cxd4 8. Qxd4
Nc6 9. Qf4 O-O 10. Rd1 d6 11. b3 Qb8 12. Bb2 Ne5 13. Ng5 Bxg2 14. Kxg2 Qb7+ 15.
Kg1 Rad8 16. Nce4 Nxe4 17. Qxe4 Qxe4 18. Nxe4 f5 19. Nc3 Rd7 20. Rd2 Rfd8 21.
Rad1 Kf8 22. Nb5 Nc6 23. f4 g6 24. Kf2 d5 25. cxd5 Rxd5 26. Rxd5 Rxd5 27. Rxd5
exd5 28. Nc7 Bc5+ 29. Kf3 d4 30. a3 a5 31. e4 dxe3 32. Ne6+ Ke7 33. Nxc5 bxc5
34. Kxe3 Ke6 35. Kd3 Kd5 36. Bf6 Na7 37. Bc3 Nc6 1/2-1/2

[Event "CUB-ch sf"]
[Site "Cuba"]
[Date "2000.??.??"]
[Round "?"]
[White "Delgado Ramirez, Neuris"]
[Black "Armas, Jorge"]
[Result "1-0"]
[WhiteElo "2443"]
[BlackElo "2441"]
[PlyCount "61"]
[EventDate "2000.??.??"]
[EventType "tourn"]
[EventRounds "12"]
[EventCountry "CUB"]
[SourceTitle "EXT 2001"]
[Source "ChessBase"]
[SourceDate "2000.11.22"]
[SourceVersion "1"]
[SourceVersionDate "2000.11.22"]
[SourceQuality "1"]

1. e4 c5 2. Nf3 e6 3. Nc3 a6 4. g3 b5 5. Bg2 Bb7 6. d3 d6 7. O-O Nf6 8. Ng5 h6
9. Nh3 Be7 10. f4 d5 11. e5 Nfd7 12. f5 Nf8 13. Qg4 b4 14. Ne2 Nc6 15. Qxg7 Rh7
16. f6 Qb6 17. Bxh6 c4+ 18. Kh1 cxd3 19. cxd3 Kd7 20. fxe7 Rxg7 21. exf8=Q Rxf8
22. Bxg7 Re8 23. Rae1 a5 24. Nhf4 Ne7 25. g4 Ng6 26. Nxg6 fxg6 27. Bf8 Qd8 28.
Rf7+ Kc6 29. Rc1+ Kb6 30. Bc5+ Ka6 31. d4 1-0

[Event "CUB-ch sf"]
[Site "Cuba"]
[Date "2000.??.??"]
[Round "?"]
[White "Leyva Proenza, Ricardo"]
[Black "Delgado Ramirez, Neuris"]
[Result "0-1"]
[WhiteElo "2415"]
[BlackElo "2443"]
[PlyCount "44"]
[EventDate "2000.??.??"]
[EventType "tourn"]
[EventRounds "12"]
[EventCountry "CUB"]
[SourceTitle "EXT 2001"]
[Source "ChessBase"]
[SourceDate "2000.11.22"]
[SourceVersion "1"]
[SourceVersionDate "2000.11.22"]
[SourceQuality "1"]

1. e4 e5 2. Nf3 Nf6 3. d4 Nxe4 4. Bd3 d5 5. Nxe5 Nd7 6. Nxd7 Bxd7 7. O-O Bd6 8.
c4 c6 9. cxd5 cxd5 10. Qh5 O-O 11. Qxd5 Bc6 12. Qh5 Bb4 13. Be3 Re8 14. a3 g6
15. Qh3 Ba5 16. Rc1 Rc8 17. Nc3 Bd7 18. Qh6 Nxc3 19. bxc3 Bxc3 20. Bg5 Qb6 21.
Rab1 Qxd4 22. Rd1 Qa4 0-1

[Event "Union de Reyes Cup"]
[Site "Cuba"]
[Date "2000.??.??"]
[Round "?"]
[White "Delgado Ramirez, Neuris"]
[Black "Almeida Quintana, Omar"]
[Result "1-0"]
[WhiteElo "2443"]
[BlackElo "2348"]
[PlyCount "139"]
[EventDate "2000.??.??"]
[EventType "tourn"]
[EventRounds "9"]
[EventCountry "CUB"]
[EventCategory "4"]
[SourceTitle "EXT 2001"]
[Source "ChessBase"]
[SourceDate "2000.11.22"]
[SourceVersion "1"]
[SourceVersionDate "2000.11.22"]
[SourceQuality "1"]

1. e4 c5 2. Nf3 Nc6 3. Bb5 e6 4. O-O Nge7 5. c3 a6 6. Ba4 b5 7. Bc2 Bb7 8. a4
Ng6 9. axb5 axb5 10. Rxa8 Bxa8 11. Qe2 Qb8 12. d4 cxd4 13. cxd4 Be7 14. Bd3 b4
15. g3 Bd8 16. Nbd2 Bb6 17. Nb3 O-O 18. Be3 Nce7 19. Bd2 f5 20. Bxb4 Ba7 21.
Bxe7 Nxe7 22. Nc5 Bxc5 23. dxc5 Qb4 24. Bb5 Qxc5 25. Bxd7 fxe4 26. Bxe6+ Kh8
27. Nh4 Nc6 28. Qc4 Qe5 29. Bd5 Na5 30. Qb4 Rb8 31. Qxa5 e3 32. Nf3 Qxd5 33.
Qxd5 Bxd5 34. fxe3 h6 35. Rf2 Bxf3 36. Rxf3 Rxb2 37. Rf2 Rb1+ 38. Kg2 Kg8 39.
Kf3 Kf7 40. Kg4+ Kg6 41. h4 h5+ 42. Kf4 Kf6 43. e4 Re1 44. Rf3 g6 45. Rf2 Rg1
46. e5+ Kf7 47. Rf3 Kg7 48. Ke4 Re1+ 49. Kd5 Ra1 50. Rc3 Ra5+ 51. Kd6 Ra6+ 52.
Kd7 Ra7+ 53. Rc7 Ra3 54. Kd8+ Kf8 55. e6 Ra8+ 56. Kd7 Re8 57. Rc2 Re7+ 58. Kd6
Re8 59. Rf2+ Kg8 60. Rf6 Kg7 61. Rf7+ Kg8 62. Ke5 Ra8 63. Kf6 Ra3 64. Rg7+ Kh8
65. Rxg6 Kh7 66. Rg5 Rf3+ 67. Rf5 Rxg3 68. Rxh5+ Kg8 69. Rg5+ Rxg5 70. hxg5 1-0

[Event "Union de Reyes Cup"]
[Site "Cuba"]
[Date "2000.??.??"]
[Round "?"]
[White "Delgado Ramirez, Neuris"]
[Black "Marichal Gonzalez, Ariel"]
[Result "1-0"]
[WhiteElo "2443"]
[BlackElo "2191"]
[PlyCount "69"]
[EventDate "2000.??.??"]
[EventType "tourn"]
[EventRounds "9"]
[EventCountry "CUB"]
[EventCategory "4"]
[SourceTitle "EXT 2001"]
[Source "ChessBase"]
[SourceDate "2000.11.22"]
[SourceVersion "1"]
[SourceVersionDate "2000.11.22"]
[SourceQuality "1"]

1. e4 e6 2. Qe2 c5 3. g3 Nc6 4. c3 d6 5. Bg2 g6 6. Nf3 Bg7 7. h4 h6 8. Na3 Nge7
9. Nc2 O-O 10. d4 cxd4 11. cxd4 f5 12. O-O d5 13. exd5 Nxd5 14. Ne3 Nf6 15. Nc4
Ne4 16. Rd1 Kh7 17. Bf4 b6 18. Nfe5 Bb7 19. Bxe4 fxe4 20. h5 Kg8 21. Qg4 Rf5
22. Qxg6 Rf6 23. Qg4 e3 24. Nxe3 Nxd4 25. Bxh6 Rxh6 26. Rxd4 Qf6 27. f4 Rc8 28.
Rd7 Be4 29. Rxg7+ Qxg7 30. Nf7 Kxf7 31. Rd1 Rc7 32. Qg5 Rh8 33. f5 Qf6 34.
fxe6+ Ke7 35. Qf4 1-0

[Event "Union de Reyes Cup"]
[Site "Cuba"]
[Date "2000.??.??"]
[Round "?"]
[White "Delgado Ramirez, Neuris"]
[Black "Otero Acosta, Diasmany"]
[Result "1-0"]
[WhiteElo "2443"]
[BlackElo "2388"]
[PlyCount "117"]
[EventDate "2000.??.??"]
[EventType "tourn"]
[EventRounds "9"]
[EventCountry "CUB"]
[EventCategory "4"]
[SourceTitle "EXT 2001"]
[Source "ChessBase"]
[SourceDate "2000.11.22"]
[SourceVersion "1"]
[SourceVersionDate "2000.11.22"]
[SourceQuality "1"]

1. e4 e5 2. Nf3 Nc6 3. Bb5 a6 4. Ba4 d6 5. c3 f5 6. exf5 Bxf5 7. O-O Bd3 8. Re1
Be7 9. Bc2 Bxc2 10. Qxc2 Nf6 11. d4 e4 12. Ng5 d5 13. f3 h6 14. Ne6 Qd7 15. Nf4
O-O-O 16. fxe4 dxe4 17. Nd2 Rhe8 18. Nc4 Bd6 19. Nxd6+ Qxd6 20. Qe2 Ne7 21. Nh5
Nxh5 22. Qxh5 Qe6 23. Bf4 Ng6 24. Bg3 Rd5 25. Qe2 h5 26. h3 e3 27. Rf1 Rg5 28.
Rf3 h4 29. Bh2 Rf5 30. Rxf5 Qxf5 31. Re1 Nf4 32. Bxf4 Qxf4 33. Qf3 Qg3 34. Kf1
Re6 35. Qxg3 hxg3 36. Ke2 Rf6 37. Kxe3 Kd7 38. Kd3 Rf2 39. Re2 Rf1 40. Re3 Rf2
41. Re2 Rf6 42. b4 Kd6 43. Re3 Rg6 44. c4 Rg5 45. Re4 a5 46. a3 axb4 47. axb4
b5 48. Rg4 bxc4+ 49. Kxc4 Rxg4 50. hxg4 c6 51. d5 cxd5+ 52. Kd4 Kc6 53. g5 Kb5
54. g6 Kxb4 55. Kxd5 Kc3 56. Ke6 Kd3 57. Kf7 Ke3 58. Kxg7 Kf2 59. Kh6 1-0

[Event "Union de Reyes Cup"]
[Site "Cuba"]
[Date "2000.??.??"]
[Round "?"]
[White "Delgado Ramirez, Neuris"]
[Black "Vega Chirino, Lemay"]
[Result "1-0"]
[WhiteElo "2443"]
[BlackElo "2306"]
[PlyCount "95"]
[EventDate "2000.??.??"]
[EventType "tourn"]
[EventRounds "9"]
[EventCountry "CUB"]
[EventCategory "4"]
[SourceTitle "EXT 2001"]
[Source "ChessBase"]
[SourceDate "2000.11.22"]
[SourceVersion "1"]
[SourceVersionDate "2000.11.22"]
[SourceQuality "1"]

1. e4 c5 2. Nf3 Nc6 3. Bb5 g6 4. O-O Bg7 5. c3 Nf6 6. d4 cxd4 7. cxd4 d5 8. Ne5
Bd7 9. Nxd7 Qxd7 10. e5 Ng8 11. Nc3 a6 12. Be2 b5 13. Be3 e6 14. Rc1 Nge7 15.
Bd3 O-O 16. Ne2 f6 17. exf6 Bxf6 18. Rc5 Rfc8 19. Qd2 Nd8 20. Bg5 Bg7 21. h4
Rxc5 22. dxc5 Ndc6 23. h5 Ne5 24. b3 Rc8 25. Rc1 N7c6 26. hxg6 Nxg6 27. Nf4
Nce5 28. Bb1 Rc6 29. Nh5 Qf7 30. Nxg7 Kxg7 31. f4 Nd7 32. b4 Kg8 33. a4 bxa4
34. f5 Nge5 35. Rf1 Nc4 36. Qc2 Nf8 37. fxe6 Qxe6 38. Qf2 Qe8 39. Qf3 Ne5 40.
Qxd5+ Qe6 41. Bh6 Nf7 42. Ba2 Qxd5 43. Bxd5 Rxh6 44. Rxf7 Ne6 45. Re7 Kf8 46.
Rxe6 Rh5 47. Bf3 Rh4 48. g4 1-0

[Event "Union de Reyes Cup"]
[Site "Cuba"]
[Date "2000.??.??"]
[Round "?"]
[White "Fernandez Reyes, Lisandro"]
[Black "Delgado Ramirez, Neuris"]
[Result "1-0"]
[WhiteElo "2380"]
[BlackElo "2443"]
[PlyCount "95"]
[EventDate "2000.??.??"]
[EventType "tourn"]
[EventRounds "9"]
[EventCountry "CUB"]
[EventCategory "4"]
[SourceTitle "EXT 2001"]
[Source "ChessBase"]
[SourceDate "2000.11.22"]
[SourceVersion "1"]
[SourceVersionDate "2000.11.22"]
[SourceQuality "1"]

1. c4 Nf6 2. Nc3 c5 3. g3 Nc6 4. Bg2 b6 5. e3 g6 6. Nge2 Bg7 7. O-O O-O 8. d4
Bb7 9. b3 d6 10. Bb2 Rc8 11. Qd2 Qd7 12. Rad1 Nb8 13. d5 a6 14. a4 Rcd8 15. Nf4
Qc7 16. Nd3 e6 17. e4 exd5 18. exd5 Rfe8 19. Rfe1 Bc8 20. Ne2 Bf5 21. Nef4 Nbd7
22. f3 Bh6 23. Nf2 Nh5 24. Rxe8+ Rxe8 25. Ne6 Rxe6 26. Qxh6 Re2 27. Bc3 Bc2 28.
Rc1 Bxb3 29. g4 Nhf6 30. Ne4 Ne8 31. Bf1 Rxe4 32. fxe4 Ne5 33. Bxe5 dxe5 34.
Ra1 Bc2 35. Qe3 Qd7 36. Bh3 Nd6 37. g5 Qe8 38. Bg2 a5 39. Qe2 Bxa4 40. Qf1 Bb3
41. Qf6 Nxc4 42. Bh3 Qb8 43. Rf1 Qc7 44. Qc6 Qd8 45. Rf6 a4 46. Be6 a3 47. Rxf7
Kh8 48. Re7 1-0

[Event "Union de Reyes Cup"]
[Site "Cuba"]
[Date "2000.??.??"]
[Round "?"]
[White "Gonzalez Vidal, Yuri"]
[Black "Delgado Ramirez, Neuris"]
[Result "1-0"]
[WhiteElo "2421"]
[BlackElo "2443"]
[PlyCount "49"]
[EventDate "2000.??.??"]
[EventType "tourn"]
[EventRounds "9"]
[EventCountry "CUB"]
[EventCategory "4"]
[SourceTitle "EXT 2001"]
[Source "ChessBase"]
[SourceDate "2000.11.22"]
[SourceVersion "1"]
[SourceVersionDate "2000.11.22"]
[SourceQuality "1"]

1. d4 Nf6 2. c4 e6 3. Nc3 d5 4. Nf3 c6 5. g3 Be7 6. Bg2 O-O 7. O-O b6 8. b3 Bb7
9. Qc2 Nbd7 10. Rd1 Rc8 11. e4 c5 12. exd5 exd5 13. Bb2 dxc4 14. d5 cxb3 15.
axb3 Ne8 16. Nb5 Bf6 17. Rxa7 Rb8 18. Nd2 Bxb2 19. Qxb2 Qg5 20. f4 Qh6 21. Nc4
Qh5 22. Qd2 Ndf6 23. Ncd6 Ba8 24. h3 Qg6 25. g4 1-0

[Event "Union de Reyes Cup"]
[Site "Cuba"]
[Date "2000.??.??"]
[Round "?"]
[White "Hernandez Carmenates, Holden"]
[Black "Delgado Ramirez, Neuris"]
[Result "0-1"]
[WhiteElo "2351"]
[BlackElo "2443"]
[PlyCount "68"]
[EventDate "2000.??.??"]
[EventType "tourn"]
[EventRounds "9"]
[EventCountry "CUB"]
[EventCategory "4"]
[SourceTitle "EXT 2001"]
[Source "ChessBase"]
[SourceDate "2000.11.22"]
[SourceVersion "1"]
[SourceVersionDate "2000.11.22"]
[SourceQuality "1"]

1. e4 c5 2. Nf3 d6 3. d4 cxd4 4. Nxd4 Nf6 5. Nc3 Nc6 6. g3 e6 7. Bg2 Bd7 8. O-O
Be7 9. Ndb5 Qb8 10. Bg5 a6 11. Bxf6 gxf6 12. Nd4 Qa7 13. Nxc6 Bxc6 14. Ne2 h5
15. Nd4 h4 16. Nxc6 bxc6 17. b4 Rb8 18. e5 fxe5 19. Bxc6+ Kf8 20. a3 Rc8 21.
Bf3 Rc3 22. Kg2 d5 23. Be2 Qb7 24. Bd3 hxg3 25. hxg3 e4 26. Bxa6 Qc7 27. Rh1
Rg8 28. Rh3 Rxc2 29. Qd4 Bd6 30. Rg1 Rxg3+ 31. Rxg3 Bxg3 32. Rf1 Qf4 33. Bb5 e5
34. Qb6 Qg5 0-1

[Event "Union de Reyes Cup"]
[Site "Cuba"]
[Date "2000.??.??"]
[Round "?"]
[White "Quesada Perez, Yuniesky"]
[Black "Delgado Ramirez, Neuris"]
[Result "0-1"]
[WhiteElo "2311"]
[BlackElo "2443"]
[PlyCount "66"]
[EventDate "2000.??.??"]
[EventType "tourn"]
[EventRounds "9"]
[EventCountry "CUB"]
[EventCategory "4"]
[SourceTitle "EXT 2001"]
[Source "ChessBase"]
[SourceDate "2000.11.22"]
[SourceVersion "1"]
[SourceVersionDate "2000.11.22"]
[SourceQuality "1"]

1. Nf3 Nf6 2. g3 b6 3. Bg2 Bb7 4. O-O c5 5. d3 d5 6. Nbd2 e6 7. Re1 d4 8. c3
dxc3 9. bxc3 Be7 10. Nc4 O-O 11. a4 Nc6 12. Qb3 Ba6 13. Nfe5 Nxe5 14. Nxe5 Rc8
15. Nc6 Qd7 16. Nxe7+ Qxe7 17. c4 Bb7 18. Bxb7 Qxb7 19. a5 e5 20. Bg5 Rc6 21.
axb6 axb6 22. f3 Nh5 23. Qb5 Rg6 24. Be3 Qc8 25. Ra7 Nxg3 26. hxg3 Qh3 27. Rea1
Rxg3+ 28. Kf2 Qh4 29. Ke1 Rxf3+ 30. Kd2 Rxe3 31. Ra8 Qf2 32. Rxf8+ Kxf8 33. Re1
Rxd3+ 0-1

[Event "CUB-ch"]
[Site "Santa Clara"]
[Date "2000.??.??"]
[Round "?"]
[White "Abreu Delgado, Aryam"]
[Black "Delgado Ramirez, Neuris"]
[Result "1/2-1/2"]
[WhiteElo "2419"]
[BlackElo "2443"]
[PlyCount "65"]
[EventDate "2000.04.01"]
[EventType "tourn"]
[EventRounds "17"]
[EventCountry "CUB"]
[EventCategory "8"]
[SourceTitle "EXT 2001"]
[Source "ChessBase"]
[SourceDate "2000.11.22"]
[SourceVersion "1"]
[SourceVersionDate "2000.11.22"]
[SourceQuality "1"]

1. e4 c5 2. Nf3 d6 3. d4 cxd4 4. Nxd4 Nf6 5. Nc3 a6 6. Be2 e5 7. Nb3 Be7 8. O-O
O-O 9. Be3 Be6 10. f4 exf4 11. Rxf4 Nc6 12. Nd5 Bxd5 13. exd5 Ne5 14. a4 Nfd7
15. Rb4 Qc7 16. Kh1 Rfe8 17. c3 Nc5 18. Bg1 Ned7 19. Nxc5 dxc5 20. Re4 Nf6 21.
Re3 Rad8 22. Bf3 Bd6 23. Rxe8+ Rxe8 24. Qf1 Nd7 25. Rb1 Qa5 26. Bd1 Nf6 27. Bc2
Qc7 28. Qc4 Re5 29. Rd1 Nd7 30. h3 g6 31. Qf1 Re8 32. Re1 Qd8 33. Re2 1/2-1/2

[Event "CUB-ch"]
[Site "Santa Clara"]
[Date "2000.??.??"]
[Round "?"]
[White "Almeida Quintana, Omar"]
[Black "Delgado Ramirez, Neuris"]
[Result "1/2-1/2"]
[WhiteElo "2345"]
[BlackElo "2440"]
[PlyCount "20"]
[EventDate "2000.04.01"]
[EventType "tourn"]
[EventRounds "17"]
[EventCountry "CUB"]
[EventCategory "8"]
[SourceTitle "EXT 2001"]
[Source "ChessBase"]
[SourceDate "2000.11.22"]
[SourceVersion "1"]
[SourceVersionDate "2000.11.22"]
[SourceQuality "1"]

1. d4 Nf6 2. c4 e6 3. Nc3 Bb4 4. Qc2 c5 5. dxc5 Bxc5 6. Nf3 Nc6 7. a3 O-O 8.
Bg5 Be7 9. Rd1 a6 10. e4 Qa5 1/2-1/2

[Event "CUB-ch"]
[Site "Santa Clara"]
[Date "2000.??.??"]
[Round "?"]
[White "Delgado Ramirez, Neuris"]
[Black "Arencibia Rodriguez, Walter"]
[Result "1/2-1/2"]
[WhiteElo "2443"]
[BlackElo "2529"]
[PlyCount "88"]
[EventDate "2000.04.01"]
[EventType "tourn"]
[EventRounds "17"]
[EventCountry "CUB"]
[EventCategory "8"]
[SourceTitle "EXT 2001"]
[Source "ChessBase"]
[SourceDate "2000.11.22"]
[SourceVersion "1"]
[SourceVersionDate "2000.11.22"]
[SourceQuality "1"]

1. e4 g6 2. d4 Bg7 3. Nc3 d6 4. Be3 a6 5. Qd2 b5 6. a4 b4 7. Nd1 a5 8. c3 bxc3
9. bxc3 c6 10. Ne2 Ba6 11. f3 Nd7 12. Ng3 Bxf1 13. Kxf1 Rb8 14. Kf2 Qb6 15. Re1
Qb3 16. Ne2 Ngf6 17. Nc1 Qb7 18. Qd3 O-O 19. Re2 Qc7 20. Raa2 e5 21. Kg1 d5 22.
Nf2 Rfe8 23. Rad2 c5 24. dxc5 Nxc5 25. Bxc5 Qxc5 26. exd5 Bh6 27. Rd1 Bxc1 28.
Rxc1 Nxd5 29. g3 Nb6 30. Qb5 Qxb5 31. axb5 Nc4 32. Ng4 Kg7 33. Rb1 f6 34. Ne3
Rec8 35. Nxc4 Rxc4 36. Ra2 Rxc3 37. Rxa5 Rxf3 38. Ra7+ Kh6 39. b6 Rc3 40. Re7
Rc6 41. b7 g5 42. g4 Kg6 43. h3 h5 44. Kg2 hxg4 1/2-1/2